000 00731nam a2200193 4500
001 61543
003 ES-MaACL
005 20230906164500.0
007 t|
008 031112s19341934sp ah |||| | spa d
245 0 0 _aExemplario contra los engaños y peligros del mundo.
250 _aEd. conmemorativa de la Fiesta del Libro del año 1934.
260 _aMadrid :
_bCámara Oficial del Libro,
_c1934.
300 _aLXXXVIII fol. [h.] :
_bil., grab. ;
_c27 cm.
534 _pReprod. facsímil de la ed. de:
_cZaragoza : en la Imp. de George Coci, 1531
_lBiblioteca Nacional de España.
597 _aLas h. van impresas por las dos caras.
710 2 _aCámara Oficial del Libro de Madrid.
_9146837
852 _aES-MaACL
_jA-2046
999 _c61543
_d61543